| 000 | 01108nam a22002177a 4500 | ||
|---|---|---|---|
| 999 |
_c63075 _d63075 |
||
| 003 | Ge_BSU | ||
| 005 | 20250529165324.0 | ||
| 008 | 250529s2020 ge ||||| |||| 00| 0 geo d | ||
| 020 | _a9789941312687 | ||
| 041 | _ageo | ||
| 080 | _a821.161.1-32 ტ-67 | ||
| 100 |
_aტოლსტოი, ლევ _925174 |
||
| 245 |
_aაღსარება / _cლევ ტოლსტოი; რუსულიდან თარგმანა გია ბერაძემ; რედ. ნ. გორდელაძე, ლ. სხირტლაძე; დიზაინერი თ. ჭანიშვილი. |
||
| 264 |
_aთბილისი : _bინტელექტი, _c2020. |
||
| 300 |
_a164 გვ.; _b20 სმ. |
||
| 700 |
_aბერაძემ, გია _eმთარგმნელი _925175 |
||
| 700 |
_aგორდელაძე, ნ. _eრედაქტორი _910277 |
||
| 700 |
_aსხირტლაძე, ლ. _eრედაქტორი _925176 |
||
| 700 |
_aჭანიშვილი, თ. _eდიზაინერი _925177 |
||
| 942 |
_2udc _cᲬᲘᲒᲜᲘ |
||